[Event "Olympiad-44"]
[Site "Chennai"]
[Date "2022.07.30"]
[Round "2.2"]
[White "Ahmed, Ashraf"]
[Black "Lama, Milan"]
[Result "0-1"]
[WhiteElo "1838"]
[BlackElo "2024"]
[PlyCount "82"]
[EventDate "2022.07.29"]
[EventType "team-swiss"]
[EventRounds "11"]
[EventCountry "IND"]
[SourceTitle "CBM 210"]
[Source "ChessBase"]
[SourceDate "2022.10.31"]
[SourceVersion "1"]
[SourceVersionDate "2022.10.31"]
[SourceQuality "1"]
[WhiteTeam "Maldives"]
[BlackTeam "Nepal"]
[WhiteTeamCountry "MDV"]
[BlackTeamCountry "NEP"]

1. e4 c5 2. Nf3 g6 3. c3 Bg7 4. d4 cxd4 5. cxd4 d5 6. e5 Nc6 7. Nc3 Bg4 8. Be2 Bxf3 9. Bxf3 e6 10. 0-0 Nh6 11. Bxh6 Bxh6 12. Na4 0-0 13. a3 Qh4 14. Bg4 Rac8 15. g3 Qe7 16. b4 b6 17. f4 f5 18. exf6 Qxf6 19. Re1 Nxd4 20. Re5 Nf5 21. Qe1 Rfe8 22. Nc3 Qf7 23. Nb5 Qd7 24. Bxf5 gxf5 25. Nd4 Bg7 26. b5 Bxe5 27. Qxe5 Qc7 28. Qf6 Qg7 29. Qxg7+ Kxg7 30. Nc6 a6 31. a4 axb5 32. axb5 Ra8 33. Ra6 Rxa6 34. bxa6 Ra8 35. Nb4 Kf7 36. Kf2 Ke7 37. Ke3 Kd6 38. Kd4 Rc8 39. Ke3 Rc4 40. a7 Rc8 41. h3 Ra8 0-1

[Event "Hetauda Metropolitan-ch U21"]
[Site "Hetauda"]
[Date "2021.03.25"]
[Round "3"]
[White "Niraula, Bhupendra"]
[Black "Lama, Milan"]
[Result "1/2-1/2"]
[WhiteElo "1987"]
[BlackElo "1930"]
[PlyCount "51"]
[EventDate "2021.03.24"]
[EventType "swiss"]
[EventRounds "7"]
[EventCountry "NEP"]
[SourceTitle "EXT 2022"]
[Source "ChessBase"]
[SourceDate "2021.10.06"]
[SourceVersion "1"]
[SourceVersionDate "2021.10.06"]
[SourceQuality "1"]

1. e4 c5 2. Nc3 Nc6 3. f4 g6 4. Nf3 Bg7 5. Bb5 Nd4 6. 0-0 a6 7. Bd3 Nh6 8. Nxd4 cxd4 9. Ne2 d5 10. Qe1 dxe4 11. Bxe4 f5 12. Bd3 0-0 13. b3 Bd7 14. Bb2 Bc6 15. Kh1 Qd7 16. Ng1 Nf7 17. Bc4 Kh8 18. Nf3 Bxf3 19. Rxf3 e5 20. fxe5 Nxe5 21. Rh3 g5 22. Qf2 g4 23. Rh5 Nxc4 24. bxc4 d3 25. Bxg7+ Qxg7 26. c3 1/2-1/2

[Event "Wch U20 58th"]
[Site "New Delhi"]
[Date "2019.10.25"]
[Round "11"]
[White "Dahanayake, Isara Banidu"]
[Black "Lama, Milan"]
[Result "0-1"]
[WhiteElo "1771"]
[BlackElo "1976"]
[PlyCount "198"]
[EventDate "2019.10.15"]
[EventType "swiss"]
[EventRounds "11"]
[EventCountry "IND"]
[SourceTitle "CBM 192 Extra"]
[Source "Chessbase"]
[SourceDate "2019.11.06"]
[SourceVersion "1"]
[SourceVersionDate "2019.11.06"]
[SourceQuality "1"]

1. e4 c5 2. Nf3 g6 3. d4 cxd4 4. Nxd4 Bg7 5. c4 Nc6 6. Be3 Nf6 7. Nc3 d6 8. Be2 0-0 9. 0-0 Bd7 10. Qd2 Nxd4 11. Bxd4 Bc6 12. f3 a5 13. b3 Nd7 14. Be3 Nc5 15. Rab1 e6 16. Rbd1 Be5 17. Bd4 Qe7 18. f4 Bxd4+ 19. Qxd4 Rfd8 20. Qe3 e5 21. f5 f6 22. Rf3 g5 23. Bd3 Qc7 24. Kh1 Qb6 25. Rb1 Qb4 26. Qc1 a4 27. a3 Nxd3 28. Rxd3 Qc5 29. Nd5 Bxd5 30. cxd5 Rdc8 31. Qxc5 Rxc5 32. h3 b5 33. bxa4 Rxa4 34. Rdb3 Rxe4 35. Rxb5 Re1+ 36. Kh2 Rxb1 37. Rxb1 Rxd5 38. Rb8+ Kf7 39. Rb7+ Kf8 40. Rxh7 Ra5 41. Kg3 Rxa3+ 42. Kg4 Ra4+ 43. Kf3 Rf4+ 44. Ke3 d5 45. g4 Ra4 46. Rd7 Ra3+ 47. Kf2 Rd3 48. Rd6 Ke7 49. Re6+ Kf7 50. Rd6 e4 51. Rd7+ Ke8 52. Rd6 Ke7 53. Re6+ Kf7 54. Rd6 d4 55. Re6 Rf3+ 56. Kg2 Rf4 57. Kg3 d3 58. Rd6 Rf3+ 59. Kg2 Re3 60. Rd4 Re2+ 61. Kf1 Ke7 62. Rd5 Rc2 63. Rd4 Kf8 64. Ke1 Re2+ 65. Kd1 Ke7 66. Kc1 Kf7 67. Kd1 Kg7 68. Rd7+ Kh6 69. Rd4 Kg7 70. Rd7+ Kf8 71. Rd4 Ke7 72. Kc1 Re3 73. Kd2 Rxh3 74. Rxe4+ Kd6 75. Re6+ Kd5 76. Rxf6 Ke4 77. Rd6 Rh2+ 78. Kc1 Ke3 79. f6 Rf2 80. Rd5 Rxf6 81. Re5+ Kf4 82. Rd5 Kxg4 83. Rxd3 Re6 84. Kd1 Kh4 85. Ra3 g4 86. Ra4 Kh3 87. Ra8 g3 88. Rh8+ Kg2 89. Rf8 Kg1 90. Rg8 g2 91. Rh8 Re4 92. Kd2 Kf2 93. Rf8+ Kg3 94. Rg8+ Rg4 95. Rxg4+ Kxg4 96. Kd3 g1Q 97. Kc4 Kf4 98. Kb5 Ke5 99. Ka6 Qb1 0-1

[Event "Wch U20 58th"]
[Site "New Delhi"]
[Date "2019.10.21"]
[Round "7"]
[White "Sivathanujan, S."]
[Black "Lama, Milan"]
[Result "0-1"]
[WhiteElo "1766"]
[BlackElo "1976"]
[PlyCount "68"]
[EventDate "2019.10.15"]
[EventType "swiss"]
[EventRounds "11"]
[EventCountry "IND"]
[SourceTitle "CBM 192 Extra"]
[Source "Chessbase"]
[SourceDate "2019.11.06"]
[SourceVersion "1"]
[SourceVersionDate "2019.11.06"]
[SourceQuality "1"]

1. e4 c5 2. Nf3 Nc6 3. d4 cxd4 4. Nxd4 g6 5. Be3 Bg7 6. Nc3 Nf6 7. f3 0-0 8. Nb3 a5 9. a4 Nb4 10. Qd2 d5 11. 0-0-0 Be6 12. Nc5 b6 13. Nxe6 fxe6 14. g4 Rc8 15. g5 Nh5 16. Bh3 Rxc3 17. Bxe6+ Kh8 18. bxc3 Na2+ 19. Kb2 Bxc3+ 20. Qxc3+ Nxc3 21. Bd4+ Ng7 22. Bxc3 Qd6 23. Bxd5 Qf4 24. h4 h5 25. gxh6 Qxh6 26. h5 g5 27. Bb3 Kh7 28. Rd7 Rxf3 29. Be5 Rxb3+ 30. cxb3 Qe6 31. Rd5 Qg4 32. Bc3 Qg2+ 33. Ka3 Qxh1 34. Rxg5 Qc1+ 0-1

[Event "Wch U20 58th"]
[Site "New Delhi"]
[Date "2019.10.19"]
[Round "6"]
[White "Swarnavo, Choudhury"]
[Black "Lama, Milan"]
[Result "1/2-1/2"]
[WhiteElo "1797"]
[BlackElo "1976"]
[PlyCount "116"]
[EventDate "2019.10.15"]
[EventType "swiss"]
[EventRounds "11"]
[EventCountry "IND"]
[SourceTitle "CBM 192 Extra"]
[Source "Chessbase"]
[SourceDate "2019.11.06"]
[SourceVersion "1"]
[SourceVersionDate "2019.11.06"]
[SourceQuality "1"]

1. e4 c5 2. Nf3 g6 3. d4 cxd4 4. Nxd4 Bg7 5. c4 Nc6 6. Be3 Nf6 7. Nc3 d6 8. Be2 0-0 9. f3 Bd7 10. Qd2 a5 11. 0-0-0 a4 12. g4 Nxd4 13. Bxd4 Qa5 14. h4 h5 15. Kb1 Be6 16. Nd5 Bxd5 17. cxd5 Qxd2 18. Rxd2 hxg4 19. Bxf6 Bxf6 20. fxg4 Rac8 21. Bb5 a3 22. bxa3 Rc3 23. a4 Kg7 24. h5 Rg3 25. hxg6 Kxg6 26. Bd7 b6 27. Rdh2 Rf3 28. Rh5 Bg5 29. Rh8 Rxh8 30. Rxh8 Rf2 31. Rh3 Bf6 32. Rb3 Bd4 33. Rb4 Bc5 34. Rb5 Kf6 35. a5 bxa5 36. Rxa5 Ke5 37. Ra4 Bd4 38. Bf5 Rb2+ 39. Kc1 Rg2 40. Kb1 Rd2 41. Ra8 Kf4 42. a4 Ke3 43. Rb8 Kd3 44. e5+ Kc3 45. Rc8+ Bc5 46. exd6 exd6 47. Rb8 Rd4 48. Bd7 Bb4 49. Rf8 Kb3 50. Rc8 Bc5 51. Rb8+ Kc3 52. a5 Rxd5 53. a6 Bd4 54. Rb5 Bc5 55. Rb7 Bd4 56. Rb5 Rxb5+ 57. Bxb5 f6 58. Kc1 Ba7 1/2-1/2

[Event "Mumbai Wealth op 4th"]
[Site "Mumbai"]
[Date "2019.01.04"]
[Round "6"]
[White "Lama, Milan"]
[Black "Navalgund, Niranjan"]
[Result "0-1"]
[WhiteElo "1897"]
[BlackElo "2240"]
[PlyCount "286"]
[EventDate "2018.12.30"]
[EventType "swiss"]
[EventRounds "9"]
[EventCountry "IND"]
[SourceTitle "CBM 188 Extra"]
[Source "ChessBase"]
[SourceDate "2019.02.26"]
[SourceVersion "1"]
[SourceVersionDate "2019.02.26"]
[SourceQuality "1"]

1. e4 e5 2. Nf3 Nc6 3. Bc4 Nf6 4. d3 h6 5. 0-0 d6 6. h3 g5 7. Nh2 Bg7 8. Nc3 Na5 9. Bb3 Nxb3 10. axb3 c5 11. Be3 Be6 12. Qd2 Nh5 13. Ne2 Nf4 14. b4 b6 15. Bxf4 gxf4 16. c4 0-0 17. b5 Qg5 18. Kh1 Qh5 19. Ng1 f5 20. b3 Bf6 21. f3 Rf7 22. Qe2 Rg7 23. Ra2 Kh8 24. Rfa1 Bh4 25. Ra6 Bd8 26. R1a2 Qg6 27. Ra1 h5 28. R1a2 Bc8 29. R6a3 Bh4 30. Ra1 Kh7 31. Nf1 Kh6 32. R3a2 Be6 33. Ra3 Rag8 34. R1a2 Qf7 35. Qd1 Qd7 36. Qe2 Ra8 37. Ra6 Rf8 38. R6a3 Rc8 39. Ra1 Re8 40. Qc2 Reg8 41. R3a2 Rf8 42. Qe2 Rf6 43. Qc2 Rfg6 44. Qe2 Qf7 45. Rb1 Qg8 46. Rd1 Qc8 47. Rb1 Qa8 48. Rba1 Bc8 49. Qc2 Qb8 50. Qe2 Qc7 51. Qc2 Qd7 52. Qe2 Bf6 53. Re1 Re7 54. Qc2 Qe8 55. Rea1 Rgg7 56. Qe2 Kh7 57. Qc2 Kh8 58. Re1 Ref7 59. Re2 Bh4 60. Qd1 Rf6 61. Ra1 Rfg6 62. Rea2 Be6 63. Qc2 Qd7 64. Qe2 Kh7 65. Qc2 Bf6 66. Re1 Kh6 67. Rd1 Re7 68. Re1 Qe8 69. Qb1 Bc8 70. Qc2 Rgg7 71. Qb1 Bh4 72. Ree2 Be6 73. Ra1 Bf6 74. Raa2 Qc8 75. Qe1 Rg6 76. Rec2 Reg7 77. Qe2 fxe4 78. dxe4 a5 79. bxa6 Ra7 80. Ra3 Rxa6 81. Rca2 Rxa3 82. Rxa3 Rg7 83. Qa2 Qb7 84. Nd2 Bh4 85. Nb1 Be1 86. Qc2 b5 87. Nd2 b4 88. Ra2 Bf2 89. Ra1 Bd4 90. Rb1 Qe7 91. Rd1 Qg5 92. Nb1 Rg6 93. Qa2 Qh4 94. Qe2 Qg3 95. Nd2 Bxg1 96. Rxg1 Bxh3 97. Nf1 Qg5 98. Kh2 Bc8 99. Qf2 Rg7 100. Nd2 Ra7 101. Nb1 h4 102. Rd1 Ra6 103. Rd2 Kh5 104. Ra2 Rxa2 105. Qxa2 Qg3+ 106. Kh1 Qe1+ 107. Kh2 Qg3+ 108. Kh1 h3 109. Qe2 Kh4 110. Nd2 hxg2+ 111. Qxg2 Bh3 112. Qe2 Kh5 113. Nf1 Qh4 114. Nh2 Qg5 115. Nf1 Kg6 116. Nh2 Kf6 117. Qf2 Ke7 118. Qg1 Qh6 119. Qg8 Be6 120. Qg2 Kd8 121. Qa2 Qh4 122. Qe2 Kc7 123. Qd2 Bh3 124. Qe2 Qg5 125. Qa2 Kb6 126. Qd2 Qg6 127. Qf2 Qg8 128. Qd2 Qg6 129. Qe2 Qe8 130. Qd2 Qb8 131. Ng4 Qf8 132. Nh2 Be6 133. Qd3 Kc7 134. Qe2 Qa8 135. Ng4 Qa1+ 136. Kg2 Qb1 137. Nf6 Qxb3 138. Nd5+ Kb7 139. Kf1 Qb1+ 140. Kf2 Qh1 141. Qd3 Qa1 142. Ne7 Qd4+ 143. Ke2 Bxc4 0-1

[Event "World ol U16"]
[Site "Ahmedabad"]
[Date "2017.12.17"]
[Round "8.1"]
[White "Pandey, Aashish"]
[Black "Lama, Milan"]
[Result "0-1"]
[WhiteElo "1541"]
[BlackElo "1833"]
[PlyCount "101"]
[EventDate "2017.12.11"]
[EventType "team-swiss"]
[EventRounds "9"]
[EventCountry "IND"]
[SourceTitle "CBM 182 Extra"]
[Source "ChessBase"]
[SourceDate "2018.02.23"]
[SourceVersion "1"]
[SourceVersionDate "2018.02.23"]
[SourceQuality "1"]
[WhiteTeam "Nepal II"]
[BlackTeam "Nepal"]
[WhiteTeamCountry "NEP"]
[BlackTeamCountry "NEP"]

1. d4 d5 2. Bf4 Bf5 3. e3 e6 4. Bd3 Bg6 5. Bxg6 hxg6 6. Nf3 Nf6 7. h3 Bd6 8. Be5 Nc6 9. Bxd6 cxd6 10. c3 Rc8 11. Nbd2 0-0 12. 0-0 Ne4 13. Qb1 Nxd2 14. Nxd2 f5 15. Qe1 e5 16. Qe2 Qb6 17. Rab1 Qc7 18. Nf3 a6 19. Ng5 Qe7 20. h4 Nd8 21. Qf3 e4 22. Qd1 Ne6 23. Qb3 Nxg5 24. hxg5 Qf7 25. f4 exf3 26. gxf3 Rfe8 27. Rbe1 Rc7 28. f4 Qe6 29. Kf2 Kf7 30. Re2 Qe4 31. Qc2 Rh8 32. Qxe4 fxe4 33. Kg3 Ke6 34. Rh2 Rxh2 35. Kxh2 Rc8 36. Kg3 Rh8 37. a4 b6 38. b4 Rc8 39. Rc1 a5 40. bxa5 bxa5 41. Kf2 Rc4 42. Ra1 Rxc3 43. Ra2 Kf5 44. Ra1 Rc2+ 45. Kg3 Rc3 46. Kf2 Rb3 47. Rc1 Ra3 48. Ke2 Ra2+ 49. Kf1 Kg4 50. Rc3 Kf3 51. Rc7 0-1

[Event "World ol U16"]
[Site "Ahmedabad"]
[Date "2017.12.16"]
[Round "7.1"]
[White "Lama, Milan"]
[Black "Karania, Hardiv"]
[Result "1-0"]
[WhiteElo "1833"]
[BlackElo "1407"]
[PlyCount "109"]
[EventDate "2017.12.11"]
[EventType "team-swiss"]
[EventRounds "9"]
[EventCountry "IND"]
[SourceTitle "CBM 182 Extra"]
[Source "ChessBase"]
[SourceDate "2018.02.23"]
[SourceVersion "1"]
[SourceVersionDate "2018.02.23"]
[SourceQuality "1"]
[WhiteTeam "Nepal"]
[BlackTeam "Kenya"]
[WhiteTeamCountry "NEP"]
[BlackTeamCountry "KEN"]

1. e4 e5 2. Nf3 Nc6 3. Bc4 Bc5 4. Nc3 Nf6 5. d3 h6 6. 0-0 d6 7. h3 Be6 8. Bb3 0-0 9. Be3 Bb6 10. d4 exd4 11. Nxd4 Nxd4 12. Bxd4 Bxd4 13. Qxd4 Qd7 14. Rad1 b6 15. e5 Ne8 16. f4 Rd8 17. Qf2 Bxb3 18. axb3 c6 19. f5 Qe7 20. Qd4 d5 21. Qf4 Qc7 22. Ne2 Kh7 23. f6 gxf6 24. Qf5+ Kh8 25. exf6 Rg8 26. Qh5 Kh7 27. Qf5+ Kh8 28. Rd4 Rg5 29. Qd3 Rd6 30. Rdf4 Rg6 31. Qxg6 Rxf6 32. Qg4 Rxf4 33. Qxf4 Qe7 34. Qxh6+ Kg8 35. Rf3 Ng7 36. Rg3 f6 37. Nf4 Qe1+ 38. Kh2 Qxg3+ 39. Kxg3 Nf5+ 40. Kf3 Nxh6 41. g4 f5 42. g5 Nf7 43. Ne6 Kh7 44. Kf4 Kg6 45. h4 Nd6 46. Nd4 c5 47. Nxf5 Nf7 48. Ne7+ Kg7 49. h5 Nd8 50. Nf5+ Kf8 51. g6 Ne6+ 52. Kg4 c4 53. bxc4 dxc4 54. h6 b5 55. h7 1-0

[Event "World ol U16"]
[Site "Ahmedabad"]
[Date "2017.12.16"]
[Round "6.1"]
[White "Lama, Milan"]
[Black "Vasco Mateus, Felizardo Viagei"]
[Result "1/2-1/2"]
[WhiteElo "1833"]
[BlackElo "1552"]
[PlyCount "83"]
[EventDate "2017.12.11"]
[EventType "team-swiss"]
[EventRounds "9"]
[EventCountry "IND"]
[SourceTitle "CBM 182 Extra"]
[Source "ChessBase"]
[SourceDate "2018.02.23"]
[SourceVersion "1"]
[SourceVersionDate "2018.02.23"]
[SourceQuality "1"]
[WhiteTeam "Nepal"]
[BlackTeam "Mozambique"]
[WhiteTeamCountry "NEP"]
[BlackTeamCountry "MOZ"]

1. e4 c5 2. c3 d5 3. exd5 Qxd5 4. d4 cxd4 5. cxd4 Nc6 6. Nf3 Bg4 7. Be2 e6 8. 0-0 Nf6 9. Nc3 Qd8 10. Be3 Be7 11. Qb3 Qd7 12. h3 Bxf3 13. Bxf3 0-0 14. Rfd1 Rfd8 15. Rac1 Nb4 16. Bg5 Nfd5 17. Bxe7 Qxe7 18. a3 Nxc3 19. Rxc3 Nd5 20. Bxd5 Rxd5 21. Rdc1 b6 22. Rc7 Rd7 23. Qf3 Rad8 24. Qb7 h6 25. Qxa7 Rxc7 26. Rxc7 Qf6 27. Qxb6 Rxd4 28. Rc1 Rd2 29. b4 Qb2 30. Rc8+ Kh7 31. Qe3 Re2 32. Qd3+ f5 33. Qf3 Qa1+ 34. Kh2 Qe5+ 35. g3 Ra2 36. Kg2 Qe1 37. g4 Ra1 38. Kg3 Qe5+ 39. Kg2 Qe1 40. Kg3 Qe5+ 41. Kg2 Qe1 42. Kg3 1/2-1/2